[Event "SVK-chT5 A22 2223"]
[Site "Slovakia"]
[Date "2023.03.18"]
[Round "9.5"]
[White "Kukla, Adam"]
[Black "Huttova, Karolina"]
[Result "1-0"]
[WhiteElo "1000"]
[BlackElo "1008"]
[PlyCount "77"]
[EventDate "2022.10.15"]
[EventType "team-tourn"]
[EventRounds "9"]
[EventCountry "SVK"]
[SourceTitle "EXT 2024"]
[Source "ChessBase"]
[SourceDate "2023.10.10"]
[SourceVersion "1"]
[SourceVersionDate "2023.10.10"]
[SourceQuality "1"]
[WhiteTeam "Hlohovec III"]
[BlackTeam "Modranka Komplet Juniors II"]
[WhiteTeamCountry "SVK"]
[BlackTeamCountry "SVK"]

1. e4 e5 2. Nf3 Nc6 3. Nc3 a6 4. Bc4 h6 5. d3 Nf6 6. a3 Be7 7. Be3 d6 8. Nd5 0-0 9. Qe2 Be6 10. Nxf6+ Bxf6 11. Bxe6 fxe6 12. 0-0-0 Qe7 13. h4 Rf7 14. g3 Nd4 15. Bxd4 exd4 16. Nd2 e5 17. Rh2 Qe6 18. b3 c5 19. c4 b5 20. Rdh1 bxc4 21. Nxc4 a5 22. g4 Kf8 23. g5 hxg5 24. hxg5 Bxg5+ 25. Kc2 Ke7 26. Nb6 Ra6 27. Nd5+ Kd7 28. Qh5 Bh6 29. Rf1 a4 30. bxa4 Rxa4 31. Nb6+ Kc6 32. Nxa4 Rb7 33. Rb1 Qa2+ 34. Rb2 Rxb2+ 35. Nxb2 Qxa3 36. Qe8+ Kb6 37. Nc4+ Kb7 38. Nxa3 Bf4 39. Rh7 1-0

[Event "SVK-chT5 A22 2223"]
[Site "Slovakia"]
[Date "2022.10.15"]
[Round "1.5"]
[White "Kukla, Adam"]
[Black "Vican, David"]
[Result "1-0"]
[WhiteElo "1000"]
[BlackElo "1000"]
[PlyCount "126"]
[EventDate "2022.10.15"]
[EventType "team-tourn"]
[EventRounds "9"]
[EventCountry "SVK"]
[SourceTitle "EXT 2024"]
[Source "ChessBase"]
[SourceDate "2023.10.10"]
[SourceVersion "1"]
[SourceVersionDate "2023.10.10"]
[SourceQuality "1"]
[WhiteTeam "Hlohovec III"]
[BlackTeam "Surovce Juniors"]
[WhiteTeamCountry "SVK"]
[BlackTeamCountry "SVK"]

1. e4 e5 2. Nf3 Nc6 3. Bc4 Nf6 4. Nc3 Bc5 5. Ng5 0-0 6. 0-0 Nd4 7. Nd5 c6 8. Nxf6+ Qxf6 9. Qh5 h6 10. Nf3 d5 11. exd5 b5 12. Nxd4 Bxd4 13. Bb3 Qd6 14. Qf3 Bb7 15. c3 Bc5 16. Qg3 cxd5 17. d4 Bb6 18. dxe5 Qc5 19. Bxh6 g6 20. e6 Qe7 21. Bxf8 Rxf8 22. exf7+ Qxf7 23. Rae1 Kg7 24. Re5 Bc7 25. Qe3 Bxe5 26. Qxe5+ Qf6 27. Qxf6+ Rxf6 28. Re1 Bc6 29. Re7+ Rf7 30. Rxf7+ Kxf7 31. f4 Kf6 32. Kf2 Kf5 33. Ke3 a5 34. Bc2+ Kf6 35. g4 g5 36. fxg5+ Kxg5 37. h3 Kh4 38. Kf4 Kxh3 39. g5 Be8 40. g6 Kh4 41. g7 Bf7 42. Bh7 b4 43. g8Q Bxg8 44. Bxg8 bxc3 45. bxc3 d4 46. cxd4 Kh5 47. d5 Kg6 48. Ke5 Kg7 49. Be6 Kf8 50. Kd6 Ke8 51. Kc6 Kd8 52. Kb6 a4 53. Kb5 a3 54. Kb4 Kc7 55. Kxa3 Kd8 56. Kb4 Kc7 57. a4 Kd8 58. a5 Kc7 59. Kb5 Kb7 60. d6 Kb8 61. d7 Kc7 62. a6 Kd8 63. Kb6 Ke7 1-0